00310nam a2200121Ia 4500008004100000100002300041245004300064260003200107300000900139650001600148942000700164999001700171190216s9999||||xx |||||||||||||| ||und|| aKulbir Singh Sidhu 4aThe Teaching Of Mathematics: Book Bank bSterling Publicationsc1967 a315p aMathematics cBK c30423d30423